Climate Litigation and Justice in Africa (Record no. 81038)

MARC details
000 -LEADER
fixed length control field 02106namaa2200469uu 4500
001 - CONTROL NUMBER
control field doab132184
003 - CONTROL NUMBER IDENTIFIER
control field oapen
005 - DATE AND TIME OF LATEST TRANSACTION
control field 20260218110432.0
006 - FIXED-LENGTH DATA ELEMENTS--ADDITIONAL MATERIAL CHARACTERISTICS
fixed length control field m o d
007 - PHYSICAL DESCRIPTION FIXED FIELD--GENERAL INFORMATION
fixed length control field cr|mn|---annan
008 - FIXED-LENGTH DATA ELEMENTS--GENERAL INFORMATION
fixed length control field 231222s2024 xx |||||o ||| 0|eng d
020 ## - INTERNATIONAL STANDARD BOOK NUMBER
International Standard Book Number 9781529228953
020 ## - INTERNATIONAL STANDARD BOOK NUMBER
International Standard Book Number 9781529228977
024 7# - OTHER STANDARD IDENTIFIER
Standard number or code 10.47674/9781529228977
Source of number or code doi
040 ## - CATALOGING SOURCE
Original cataloging agency oapen
Transcribing agency oapen
Modifying agency
041 0# - LANGUAGE CODE
Language code of text/sound track or separate title eng
042 ## - AUTHENTICATION CODE
Authentication code dc
245 00 - TITLE STATEMENT
Title Climate Litigation and Justice in Africa
260 ## - PUBLICATION, DISTRIBUTION, ETC.
Place of publication, distribution, etc. Bristol
Name of publisher, distributor, etc. Bristol University Press
Date of publication, distribution, etc. 2024
300 ## - PHYSICAL DESCRIPTION
Extent 1 online resource (359 p.)
336 ## - CONTENT TYPE
Content type term text
Content type code txt
Source rdacontent
337 ## - MEDIA TYPE
Media type term computer
Media type code c
Source rdamedia
338 ## - CARRIER TYPE
Carrier type term online resource
Carrier type code cr
Source rdacarrier
506 0# - RESTRICTIONS ON ACCESS NOTE
Standardized terminology for access restriction Unrestricted online access
Source of term star
520 ## - SUMMARY, ETC.
Summary, etc. EPDF and EPUB available Open Access under CC-BY-NC-ND licence. This volume brings together an international team of contributors to provide a much-needed examination of climate litigation in Africa. The book outlines how climate litigation in Africa is distinct as well as pinpointing where it connects with the global conversation. Chapters engage with crucial themes such as human rights approaches to climate governance, corporate liability and the role of gender in climate litigation.
540 ## - TERMS GOVERNING USE AND REPRODUCTION NOTE
Terms governing use and reproduction Creative Commons
-- https://creativecommons.org/licenses/by-nc-nd/4.0/
-- cc
Uniform Resource Identifier <a href="https://creativecommons.org/licenses/by-nc-nd/4.0/">https://creativecommons.org/licenses/by-nc-nd/4.0/</a>
546 ## - LANGUAGE NOTE
Language note English
650 #7 - SUBJECT ADDED ENTRY--TOPICAL TERM
Topical term or geographic name entry element Climate change
Source of heading or term bicssc
650 #7 - SUBJECT ADDED ENTRY--TOPICAL TERM
Topical term or geographic name entry element Environment law
Source of heading or term bicssc
650 #7 - SUBJECT ADDED ENTRY--TOPICAL TERM
Topical term or geographic name entry element International human rights law
Source of heading or term bicssc
720 1# - ADDED ENTRY--UNCONTROLLED NAME
Name Bouwer, Kim
Relator code edt
720 1# - ADDED ENTRY--UNCONTROLLED NAME
Name Bouwer, Kim
Relator code oth
720 1# - ADDED ENTRY--UNCONTROLLED NAME
Name Etemire, Dr Uzuazo
Relator code edt
720 1# - ADDED ENTRY--UNCONTROLLED NAME
Name Etemire, Dr Uzuazo
Relator code oth
720 1# - ADDED ENTRY--UNCONTROLLED NAME
Name Field, Tracy-Lynn
Relator code edt
720 1# - ADDED ENTRY--UNCONTROLLED NAME
Name Field, Tracy-Lynn
Relator code oth
720 1# - ADDED ENTRY--UNCONTROLLED NAME
Name Jegede, Ademola Oluborode
Relator code edt
720 1# - ADDED ENTRY--UNCONTROLLED NAME
Name Jegede, Ademola Oluborode
Relator code oth
793 0# -
-- DOAB Library.
856 ## - ELECTRONIC LOCATION AND ACCESS
Uniform Resource Identifier <a href="https://docs.google.com/spreadsheets/d/1yKIrdCPDAG_9c22mwoOIO2DOhtj65Wqa/edit?usp=sharing&ouid=106555315294820607512&rtpof=true&sd=true ">https://docs.google.com/spreadsheets/d/1yKIrdCPDAG_9c22mwoOIO2DOhtj65Wqa/edit?usp=sharing&ouid=106555315294820607512&rtpof=true&sd=true </a>
Link text List of Curated E-Books
942 ## - ADDED ENTRY ELEMENTS (KOHA)
Koha item type E-Book
Holdings
Withdrawn status Damaged status Not for loan Home library Current library Date acquired Total Checkouts Date last seen Price effective from Koha item type
      Directory of Open Access Books Directory of Open Access Books 12/09/2024   12/09/2024 12/09/2024 E-Book

University of Rizal System
Email us at univlibservices@urs.edu.ph

Visit our Website www.urs.edu.ph/library